MDQL
is popping MORE tags! Check the
thread
!
Quizzes
Events
Quiz Creation
Community
Videos
Private Events
Remove Ads
Sign In
Join for FREE
Feedback
Dark Mode
Quiz Categories
Sports
Geography
Music
Movies
Television
Just For Fun
Miscellaneous
History
Literature
Language
Science
Gaming
Entertainment
Religion
Holiday
For Kids
Quiz Lab
Recent
Popular Today
Quiz Kudos Today
Editor Picks
Curator Picks
Quizzes by...
Day
Popularity
Type
Ratings
Length
Year
Community
Subscriptions
Recent Discussions
Orange Saloon
Badges
Playlists
Quests
Create
Leaderboards
Showdown
Live 5
Trivia Bingo
Activity
Puzzle Library
Sporcle Events
Private Events
Virtual Trivia
Globe League
Become a Host
Pub Owners
SporcleCon
Opinionation
Our Games
Videos
Blog
Mobile Apps
Partnerships
Remove Ads and Go Orange
Feedback
Music
Pop Music
The Beatles
Song
Album
Lyrics
Bands
Singers
Artist
Clip
Rock
Rap
Classical
Billboard
Country Music
Kpop
Taylor Swift
Music
Pop Music
The Beatles
Song
Album
Lyrics
Bands
Singers
Artist
Clip
Rock
Rap
Classical
Billboard
Country Music
Kpop
Taylor Swift
Random Quiz
Search Sporcle
×
Quiz Lab
Quiz Lab
Music
Sabe
Type in answers that appear in a list
Type in answers that appear in a list
Classic
Best Score? Go Orange.
Você sabe todas as músicas do RBD? Stats
Can you name the musics of RBD??
By
butterrrr
8m
67 Questions
755 Plays
755 Plays
755 Plays
Comments
Comments
Give Quiz Kudos
Give Quiz Kudos
-
- Ratings
hide this ad
Random Order
Randomize order of answers
Randomize order of answers
Replay
Link that replays current quiz
Next Quiz
Link to next quiz in quiz playlist
You Got
0%
They Got
Avg Score
53%
Avg Friend Score
Upgrade to see
Score Distribution
Jump to the score distribution portion of the page
Score
0/67
Timer
08:00
0
Plays Today
rbd
rbd
% Correct
1
rebelde
90.5%
11
salvame
88.5%
1
nuestro amor
85%
10
fuego
80.8%
9
santa no soy
77.6%
4
celestial
77.6%
2
solo quedate en silencio
75.6%
6
futuro ex-novio
75.4%
5
ensename
74%
4
este corazon
71.9%
3
otro dia que va
71.3%
4
un poco de tu amor
69.9%
11
tras de mi
69.8%
8
fuera
68.9%
1
empezar desde cero
68.5%
6
aun hay algo
67.4%
2
ser o parecer
67.3%
10
que hay detras
66.6%
2
me voy
66.4%
Rebelde
66.1%
Nuestro Amor
66.1%
Celestial
66.1%
Empezar Desde Cero
66.1%
Para Olvidarte de Mi
66.1%
8
cuando el amor se acaba
65.8%
5
asi soy yo
63.3%
7
tenerte y quererte
62.4%
7
a tu lado
61.6%
6
besame sin miedo
61.6%
3
para olvidarte demi
60.5%
13
una cancion
60%
3
feliz cumpleanos
57.5%
13
adios
56.7%
3
dame
56.6%
rbd
rbd
% Correct
3
inalcanzable
55.5%
9
que fue del amor
53.8%
8
algun dia
53%
12
solo para ti
52.1%
2
y no puedo olvidarte
50.5%
14
liso sensual
48.5%
8
fui la nina
47.7%
1
talvez despues
47%
4
no digas nada
42.1%
11
sueles volver
40.1%
5
el mundo detras
39.1%
10
aburrida y sola
38.8%
6
hoy que te vas
38.8%
5
quizá
38.5%
9
a la orilla
37.5%
9
olvidar
37.4%
12
si no estas aqui
36.7%
13
extrana sensacion
36%
1
camino al sol
35%
7
tu dulce voz
34.6%
2
mirame
33.2%
6
mas tuya que mia
32.8%
11
es por amor
32.5%
10
amor fugaz
32.2%
12
puedes ver pero no tocar
29.1%
11
lagrimas perdidas
28.9%
9
me cansé
28.6%
4
quien te crees
27.2%
7
hace un instante
25.6%
8
desapareció
24%
7
llueve en mi corazon
23.4%
10
yo vivo por ti
21.9%
5
esté donte esté
8.2%
Quiz Playlist
Details
Report
Send in Message
Add To Playlist
Classic:
Type in answers that appear in a list
Random Order:
Randomize order of answers
Last Updated: Feb 16, 2017
Quiz Scoreboard
CHALLENGE
Sign Up to Join the Scoreboard
Show All
Scores
Hide
Comments
May contain spoilers
Recently Published
Image Sorting: Flags VI
by Barbecue
Geography
2m
Find the 'City' Movie
by crazypaving
Movies
60s
Colored Red Africa Blitz
by spor1
Geography
45s
More to Explore
Quiz From the Vault
Featured Blog Post
14 Easter Pick-up Lines to Find Eggs With
hide this ad
You Might Also Like...
Tags
Sabe
Você
Today's Top Quizzes in Music
Browse Music
hide this ad
Top Contributed Quizzes in Music
1
5X2 Blitz: Bands II
2
5X2 Blitz: The Beatles
3
Taylor Swift All Songs (2024)
4
5X2 Blitz: Billboard
5
5X2 Blitz: Billboard II
6
5X2 Blitz: Album
7
5X2 Blitz: Rock
8
5X2 Blitz: Singers
9
Taylor Swift Logic Puzzle II
10
5X2 Blitz: Lyrics
Explore More
Trending Topics
Kpop
NBA
Crossword
Disney
Marvel
Anime
Harry Potter
Song
Country
Puzzle
The Office
Pokémon
WWE
NFL
Soccer
hide this ad
More By:
butterrrr
Quiz
Plays
Rating
Category
Featured
Created
Você sabe todas as músicas do RBD?
755
Music
Nov 16, 2009
Go to Creator's Profile
Score Distribution
Quiz Creator Spotlight
butterrrr
Follow
Send a Message
Quizzes Created
-
Created Quiz Play Count
-
More By This Creator
Popular Quizzes Today
1
Colored Red Africa Blitz
2
Find the US States - No Outlines Minefield
3
Find the 'City' Movie
4
5x2 Blitz: Bands
5
The Countries of the World
6
Find the US States
7
Find the Countries of Europe - No Outlines Minefield
8
US States
More Music Quizzes
Taylor Swift songs on Midnights
Quiz Lab
Trending Quizzes
Colored Red Europe Blitz I
Colored Red Europe Blitz II
Colored Red Africa Blitz II
Colored Red Europe Blitz III
Colored Red Africa Blitz III
Recently Updated
How Do You Spell That?
pecheneg
Godzilla Movies
pecheneg
Grab Bag: 4-10 Letters
pecheneg
2024 March Madness Bracket
pecheneg
Famous TV Couples
Peacemaker
Champions League XIs: Real Madrid
pecheneg
Largest US Cities 1790-2010
pecheneg
Rides in Walt Disney World
pecheneg
Most Oscar Losses (Acting)
pecheneg
Beyoncé Albums
pecheneg
Trending Topics
Marvel
NBA
Anime
Crossword
Disney
Kpop
Harry Potter
The Office
NFL
Country
Song
Soccer
WWE
Puzzle
Pokémon
Your Account Isn't Verified!
In order to create a playlist on Sporcle, you need to verify the email address you used during registration. Go to your
Sporcle Settings
to finish the process.
Report this User
Report this user for behavior that violates our
Community Guidelines
.
Details:
Send Report
Go to the Sporcle.com Mobile Site →
Comments